Antipodes Quiz - Statistics

General Stats
  • This quiz has been taken 90 times
  • The average score is 7 of 16
Answer Stats
City you start in... Country you end in % Correct
Madrid, Spain New Zealand
92%
Beijing, China Argentina
84%
Manila, Philippines Brazil
53%
Santiago, Chile China
48%
Guangzhou, China Argentina
45%
Jakarta, Indonesia Colombia
45%
Shanghai, China Argentina
42%
Hong Kong, China Argentina
40%
Taipei, Taiwan Argentina
39%
Ho Chi Minh City, Vietnam Peru
37%
Ulaanbaatar, Mongolia Chile
35%
Apia, Samoa Niger
35%
Kuala Lumpur, Malaysia Ecuador
32%
Phnom Penh, Cambodia Peru
29%
Suva, Fiji Mali
21%
Port Vila, Vanuatu Mauritania
16%
No matching quizzes found
Score Distribution
Percent of People with Each Score
Percentile by Number Answered
Your Score History
You have not taken this quiz